Länder mit Himmelsrichtung im Namen - Statistiken

Allgemein
  • Dieses Quiz wurde 91 mal gespielt
  • Das Durchschnittsergebnis liegt bei 6 aus 6
Antwortstatistiken
Hint Antwort % Korrekt
Norden Nordkorea
100%
Süden Südkorea
98%
Osten Osttimor
95%
Süden Südafrika
94%
Süden Südsudan
94%
Norden Nordmazedonien
90%
Keine übereinstimmenden Quizze gefunden
Verteilung der Resultate
Anzahl Personen mit jedem Resultat
Perzentil nach korrekt beantworteten Fragen
Ihre Resultats-Entwicklung
Sie haben dieses Quiz noch nicht gespielt